Les premieres civilisations : etudes sur la prehistoire et l'histoire jusqu'a la fin de l'empire macedonien
Αποθηκεύτηκε σε:
| Κύριος συγγραφέας: | |
|---|---|
| Μορφή: | Βιβλίο |
| Γλώσσα: | French |
| Δημοσίευση: |
Paris :
E. Leroux,
1909.
|
| Θέματα: | |
| Ετικέτες: |
Προσθήκη ετικέτας
Δεν υπάρχουν, Καταχωρήστε ετικέτα πρώτοι!
|
MARC
| LEADER | 00000cam a2200000 i 4500 | ||
|---|---|---|---|
| 001 | 1/96439 | ||
| 008 | 081104s1909####fr || ||| | fre|| | ||
| 035 | |l 10101339 | ||
| 040 | |a GR-MY-UA |b gre |e aacr | ||
| 041 | 0 | |a fre | |
| 082 | 0 | |a 930 |2 (22) | |
| 100 | 1 | |a Morgan, J. de |q (Jacques), |d 1857-1924. | |
| 245 | 1 | 4 | |a Les premieres civilisations : |b etudes sur la prehistoire et l'histoire jusqu'a la fin de l'empire macedonien / |c par J. de Morgan. |
| 260 | |a Paris : |b E. Leroux, |c 1909. | ||
| 300 | |a xii, 513 σ. : |b εικ., χάρτες ; |c 28 εκ. | ||
| 504 | |a Περιέχει βιβλιογραφικές παραπομπές | ||
| 506 | 1 | |a Μόνο για ανάγνωση. |c Βρίσκεται σε κλειστή συλλογή. |c Διαθέσιμο εάν ζητηθεί. | |
| 650 | 0 | 0 | |a Civilization |x History. |
| 650 | 0 | 0 | |a Prehistoric peoples. |
| 650 | 0 | 0 | |a History, Ancient. |
| 852 | |a INST |b LESVOS |e 20081104 |h 930 MOR |p 005100043377 |q 005100043377 |t BK |y 0 | ||
| 901 | |a BIBL1-2008-3 | ||
| 909 | |a Λ |b 156121 | ||
| 970 | |a ΚΑΡΑ |b ΓΙΑΣΕΜΗ |z 2008/11/04 | ||